000 01134cam a22002771 4500
001 sd 63000011
003 DLC
005 20260227112736.0
008 921017r19631963dcua f000 0 eng c
010 _asd 63000011
035 _a(OCoLC)26799273
040 _aU.S. Dept. of State. Library
_cDS
_dDS
_dDLC
042 _apremarc
050 0 0 _aQ127.U6
_bA533 1963
110 1 _aUnited States.
_bDepartment of State.
_bOffice of Media Services.
245 1 0 _aInternational scientific affairs.
260 _a[Washington,
_bFor sale by the Superintendent of Documents, U.S. Govt. Print. Off.,
_c1963]
300 _a[3] p.
_billus.
_c30 cm.
490 1 _a[United States] Dept. of State. Publication
_v7550
490 1 _aDepartment and Foreign Service series,
_v117
500 _aCaption title.
500 _aReprinted from the Office's Department of State 1963; a report to the citizen.
610 1 0 _aUnited States.
_bDepartment of State.
_bOffice of International Scientific Affairs.
830 0 _aDepartment of State publication ;
_v7550.
830 0 _aDepartment of State publication.
_pDepartment and Foreign Service series ;
_v117.
999 _c90092
_d90092